[Event "Dyfed Open"]
[Site "Fishguard"]
[Date "2017.02.26"]
[Round "5"]
[White "Heap, Gerry"]
[Black "Jones, Iolo C"]
[Result "1/2-1/2"]
[WhiteElo "2072"]
[BlackElo "2181"]
[Annotator "Rudy"]
[PlyCount "96"]
[EventDate "2017.02.24"]
[EventType "swiss"]
[EventRounds "5"]
[EventCountry "WLS"]

1. Nf3 Nf6 2. g3 e6 3. Bg2 d5 4. O-O c5 5. c4 (5. d3) 5... Nc6 6. cxd5 Nxd5 (
6... exd5) 7. Nc3 (7. d4) 7... Nb6 (7... Be7) 8. d3 Be7 9. Be3 O-O 10. Rc1 Nd7
11. a3 $16 {N; Komodo10} (11. Nd2 Nd4 12. Nb3 Nxb3 13. Qxb3 Rb8 14. Rfd1 e5 15.
Nd5 b6 16. Qa3 a6 17. Bd2 Bd6 {Willems-Klaus, Stuttgart ch; Ditzingen 2014,1/
2-1/2}) 11... Rb8 12. d4 cxd4 13. Nxd4 Nxd4 (13... Nde5 {a little better;
Fritz13 & Komodo10}) 14. Bxd4 Bc5 15. b4 (15. Bxc5 Nxc5 16. b4 $16 {both
Engines}) 15... Bxd4 16. Qxd4 Nb6 (16... Qb6 $5) 17. Qf4 (17. Qe5) 17... Bd7
18. Qd6 (18. Rfd1 $16) 18... Nc4 19. Qc5 (19. Qd4 Nxa3 20. Rfd1 Bc6 21. Qxa7
Ra8 22. Qc5 Qe8 23. Ne4 $14 {Komodo10}) (19. Qd3 Qc7 20. Nd1 b5 $14 {Fritz13})
19... Nb6 (19... Nd2 20. Rfd1 Nb3 21. Qxa7 Nxc1 22. Rxc1 Qc7 $17 {Komodo10})
20. Rfd1 (20. Qa5 a6 21. Rfd1 Nc4 22. Qxd8 Rfxd8 23. Ne4 b5 24. Nc5 Be8 25.
Nxa6 $16 {Komodo10}) 20... Qf6 21. Qa5 $18 {both Engines} Rbc8 22. Qxa7 Rxc3
23. Qxb6 {Fritz13} (23. Rxc3 Qxc3 24. Qxb6 Ba4 25. Rd8 $18 {Komodo10}) 23...
Ba4 24. Rxc3 Qxc3 (24... Bxd1 {Komodo10} 25. Qe3 b5 26. Rc5 Ba4 27. Bc6 Rb8 28.
h4 $18 {but Bl holds up longer}) 25. Rd8 $18 Qc1+ (25... g6 26. Rxf8+ Kxf8 27.
Qxb7 Qxa3 28. b5 $18 {Komodo10}) (25... Qxa3 26. Rxf8+ Kxf8 27. Qc5+ Ke8 28.
Qc8+ Ke7 29. Qxb7+ Kf6 30. b5 $18 {Komodo10}) 26. Bf1 g6 (26... Qc6 {both
Engines} 27. Rxf8+ Kxf8 28. Qd8+ Qe8 29. Qd6+ Kg8 30. Bg2 b5 31. Bc6 Qf8 32.
Qd7 Qb8 33. Qe7 Qf8 34. Qb7 h5 35. h4 Kh7 36. Bxb5 $18 {Komodo10}) 27. Rxf8+
Kxf8 28. Qxb7 $18 (28. Qc5+ {Howard Williams} Qxc5 29. bxc5 Bb5 30. Bg2 Ba6 31.
f4 Ke7 32. Kf2 f6 33. Ke3 $18) 28... Qxa3 (28... Bd1 29. Qa6 $18) 29. e3 (29.
Qa8+ Kg7 30. b5 Qb3 31. b6 $18 {Komodo10}) 29... Kg7 30. Qb6 (30. b5 $18) 30...
Bb3 31. Qd4+ (31. b5 $18 {simplest; both Engines}) 31... Kg8 32. b5 (32. e4 {
Komodo10}) 32... Bd5 33. b6 (33. h3 $18 {Komodo10}) (33. h4 Qa8 34. Bd3 $18 {
Fritz13}) 33... Qc1 $16 34. e4 Bb7 35. Qd8+ Kg7 36. Qc7 Qxc7 37. bxc7 Kf6 38.
f4 (38. Bb5 $14 {both Engines}) 38... Ke7 $11 39. e5 (39. Kf2) 39... Kd7 40.
Bb5+ Kxc7 $11 41. Be8 Kd8 42. Bxf7 (42. Ba4 $11) 42... Ke7 $17 43. Bg8 (43.
Bxg6 hxg6 44. Kf2 Bd5 45. g4 Kf7 46. Kg3 Kg7 47. h4 Bb3 $19) 43... h5 44. h3 (
44. Kf2 Be4 $17) 44... Bd5 45. g4 hxg4 (45... Kf8 $1 $19 46. Bh7 (46. f5 gxf5
47. gxf5 Kxg8 48. f6 h4 49. Kf2 Kf7 $19) 46... Kg7 47. Bxg6 Kxg6 48. Kh2 h4 49.
Kg1 Be4 50. Kf1 Bc6 {Komodo10 thinks is winning for Bl, but doesn't come up
with an entry for Bl} 51. Kf2 Be4 52. Kg1 Kf7 53. Kf1 Ke7 54. Kf2 Kd7 55. Kg1
Kc6 56. Kf2 Kc5 57. Kg1 Kd4 58. Kf2 Bb7 59. Ke2 Ke4 $19 {but it is there; if
one nudges Komodo10 onto the right path}) 46. hxg4 Kf8 47. Bxe6 Bxe6 48. f5
gxf5 1/2-1/2

[Event "Dyfed Open"]
[Site "Fishguard"]
[Date "2017.02.26"]
[Round "5"]
[White "Strugnell, Carl"]
[Black "Kett, Tim"]
[Result "0-1"]
[WhiteElo "2255"]
[BlackElo "2193"]
[Annotator "Rudy"]
[PlyCount "64"]
[EventDate "2017.02.24"]
[EventType "swiss"]
[EventRounds "5"]
[EventCountry "WLS"]

1. e4 e5 2. Nf3 Nc6 3. Bb5 a6 4. Ba4 Nf6 5. O-O Be7 6. Re1 b5 7. Bb3 d6 8. a4 (
8. c3) 8... b4 (8... Bg4) (8... Bb7) 9. a5 (9. d4) 9... O-O 10. c3 (10. d3)
10... Rb8 11. Bc4 Bb7 (11... bxc3 12. dxc3 Na7 13. Nbd2 Nb5 {alternative}) 12.
Qe2 (12. d3) (12. d4) 12... d5 $146 {Komodo10} (12... Ra8) (12... Qd7) (12...
Na7 {played}) 13. Bxa6 {hoping in the term to win with the a pawn} (13. exd5
Nxd5 14. d3 $11 {Cloud Engines}) 13... dxe4 $15 14. Bxb7 exf3 $11 (14... Rxb7
$11) 15. Qa6 Rxb7 $1 16. Qxc6 (16. Qxb7 Qd5 $11 {[%eval 1001,0] Komodo10 &})
16... Rb8 (16... Ra7 {Cloud Engines}) 17. gxf3 {disrupts Wh's K side} (17. Qxf3
{Cloud Engines} e4 18. Qe2 Bc5 $14) 17... Qd3 $17 18. cxb4 {brings a R into
the K side, even though it allows Wh's N out} (18. b3 {best}) (18. Re3 Qg6+ 19.
Kh1 Bd6 $19) 18... Rxb4 $19 19. Nc3 Rh4 {Fritz13} (19... Rc4 $1 20. Qb5 (20.
Qb7 Bc5 21. Na4 Qg6+ 22. Kh1 Bd6 $19 {Komodo10}) 20... Bc5 $19 {Komodo10} 21.
Ne4 Rxe4 22. Qxd3 Rxe1+ 23. Kg2 Nh5 24. Ra4 Rxc1 25. Qf5 Nf4+ 26. Rxf4 exf4 27.
Qxf4 Ba7 $19 {Komodo10}) 20. Ne2 (20. Ra4 {Komodo10} Qg6+ 21. Kf1 (21. Kh1
Rxh2+ 22. Kxh2 Ng4+ $19) 21... Rxh2 22. Ke2 Rxf2+ 23. Kd1 Qd3 24. Qc4 Qxf3+ 25.
Kc2 Bd6 $17 {Komodo10}) 20... e4 $19 (20... Rc4 $1 {difficult to see} 21. Qb7
Bc5 $19 {Fritz13 & Komodo10}) 21. Qc3 Qd7 22. Ng3 Qh3 23. fxe4 Qxh2+ 24. Kf1
Qh3+ (24... Rf4 $1 $19 {Komodo10} 25. Ke2 (25. Qe3 Bd6 26. e5 Nd5 $19 27. Qe2
Qxg3) 25... Nxe4 $19) (24... Bd6 {Fritz13} 25. Qf3 Bxg3 26. fxg3 Nh5 27. gxh4
f5 $19 {Komodo10} (27... Ng3+ 28. Qxg3 Qxg3 29. Ra3 Qg4 30. Kf2 f5 $19)) 25.
Ke2 (25. Kg1 Nh5 $1 26. Qf3 (26. d4 Rg4 $19) 26... Qh2+ 27. Kf1 Rf4 $19 {
Komodo10}) 25... Nxe4 26. Nxe4 (26. Qf3 Ng5 27. Qf5 (27. Rh1 Nxf3 28. Rxh3 Ng1+
29. Kf1 Nxh3 $19) 27... Qg2 28. d4 g6 $19 {Komodo10}) 26... Rxe4+ 27. Kd1 Rxe1+
(27... Qh5+ 28. f3 Rxe1+ (28... Bb4 $19 {Fritz13}) 29. Kxe1 Qh1+ $19 {Komodo10}
) 28. Kxe1 Qh1+ 29. Ke2 Re8 $1 30. Kd3 (30. Qe5 Kf8 $19) 30... Bf6 31. Qb4 Qd1
$1 {a quiet move, cutting off escape squares} 32. Qc5 (32. Ra3 Qxc1 {and Wh 's
K is still in trouble}) 32... Qb3+ {the Q is lost & the K not far behind. The
best game of the tournament.} 0-1

[Event "Dyfed Open"]
[Site "Fishguard"]
[Date "2017.02.26"]
[Round "5"]
[White "Byway, Paul V"]
[Black "May, Frank"]
[Result "1/2-1/2"]
[WhiteElo "2054"]
[BlackElo "2103"]
[Annotator "Rudy"]
[PlyCount "28"]
[EventDate "2017.02.24"]
[EventType "swiss"]
[EventRounds "5"]
[EventCountry "WLS"]

1. Nf3 Nf6 2. c4 e6 3. e3 d5 4. d4 Nc6 (4... Be7) 5. Nc3 Bb4 6. Bd3 O-O 7. O-O
dxc4 8. Bxc4 a6 9. Re1 $146 (9. Qc2) (9. h3) (9. a3) 9... Bd6 10. b3 (10. e4)
10... e5 11. dxe5 Nxe5 12. Be2 Qe7 13. Bb2 Rd8 14. Qc2 Bg4 $11 {( draw?)}
1/2-1/2

[Event "Dyfed Open"]
[Site "Fishguard"]
[Date "2017.02.26"]
[Round "5"]
[White "Hewitt, William"]
[Black "Rodriguez, Juan Talavera"]
[Result "0-1"]
[WhiteElo "2033"]
[BlackElo "2007"]
[Annotator "Rudy"]
[PlyCount "70"]
[EventDate "2017.02.24"]
[EventType "swiss"]
[EventRounds "5"]
[EventCountry "WLS"]

1. e4 e5 2. Nf3 Nc6 3. d4 exd4 4. Nxd4 Nf6 5. Nxc6 bxc6 6. e5 Qe7 7. Qe2 Nd5 8.
c4 Ba6 9. Nd2 (9. b3) 9... O-O-O (9... g6) 10. Qe4 Nb6 11. b3 (11. c5 Bxf1 12.
cxb6 Ba6 13. bxa7 Kb7 14. Nb3 f6 {1.5-5.5}) 11... g5 $146 {though has occurred
in similar type positions, usually after f4} (11... f6 {main}) (11... d5) 12.
Bb2 Bg7 13. O-O-O (13. c5 Bxf1 14. cxb6 Ba6 15. bxa7 Kb7 16. O-O-O $14 {
Komodo10}) 13... c5 (13... d5 $11 {Komodo10}) 14. Re1 (14. Bd3) 14... Bb7 15.
Qf5 Kb8 16. Bd3 d6 17. exd6 (17. Nf3 $11) 17... Bxb2+ 18. Kxb2 Qxd6 $17 19. Re3
Bxg2 $15 (19... Bc8 20. Qxg5 Rhg8 21. Qh5 Rxg2 $17 {Komodo10}) 20. Rhe1 Qxh2 (
20... f6 $15) 21. Qxg5 $11 Bb7 22. Qg3 (22. Nf3 Qd6 23. Be4 $11) 22... Qh6 23.
Kc2 Nc8 $15 24. Ne4 f5 (24... Qb6) 25. Ng5 (25. Nxc5 $16) 25... Nd6 (25... Rhg8
$19 {Komodo10} 26. f4 (26. Nf7 Qf6 27. Nxd8 Rxg3 28. fxg3 Be4 $19) 26... Qa6
27. a4 h6 $19) 26. f4 $11 (26. Re6 $11) 26... Rdg8 (26... Rhg8) 27. Re5 Be4 (
27... Ne4) 28. Rxc5 Nb7 29. Re5 Qa6 $11 30. Bxe4 Qxa2+ 31. Kc3 fxe4 32. Qe3 Nd6
(32... Re8 $11) 33. Ne6 (33. Qe2 $11) (33. Nxe4 Nxe4+ 34. Rxe4 Qa5+ 35. Kb2
Rg2+ 36. Re2 Rxe2+ 37. Qxe2 Rd8 $11) 33... Rg2 $19 34. Kb4 Nb7 35. Rxe4 (35.
Qc3 Rb2 36. Nd4 Ka8 $19) 35... Qa5# 0-1

[Event "Dyfed Open"]
[Site "Fishguard"]
[Date "2017.02.26"]
[Round "5"]
[White "Powell, Lloyd"]
[Black "May, Adam J"]
[Result "1/2-1/2"]
[WhiteElo "2088"]
[BlackElo "1922"]
[Annotator "Rudy"]
[PlyCount "33"]
[EventDate "2017.02.24"]
[EventType "swiss"]
[EventRounds "5"]
[EventCountry "WLS"]

1. d4 d5 2. c4 e6 3. Nf3 Nf6 4. g3 Bb4+ 5. Bd2 Be7 6. Bg2 O-O 7. O-O c6 8. Nc3
Nbd7 9. Qc2 (9. Bf4) 9... b6 (9... dxc4 10. e4 {21% for Wh} (10. a4 {45%})) 10.
e4 dxc4 11. Rad1 (11. Rfd1 Bb7 12. h4 Re8 13. Bh3 b5 14. e5 Nd5 15. Ne4 {
Leenhouts-Stange, Vlissingen HZ 2010,1-0}) 11... Bb7 (11... b5 $15) 12. Bf4 Rc8
13. Rfe1 Nh5 14. Be3 Nhf6 15. Bf4 Nh5 {(draw?)} 16. Bc1 Nhf6 17. Bf4 {(draw?)}
(17. Bf4 b5 $15) 1/2-1/2

[Event "Dyfed Open"]
[Site "Fishguard"]
[Date "2017.02.26"]
[Round "5"]
[White "Jones, Martin C"]
[Black "Waterfield, John W"]
[Result "1/2-1/2"]
[WhiteElo "1733"]
[BlackElo "1968"]
[Annotator "Rudy"]
[PlyCount "81"]
[EventDate "2017.02.24"]
[EventType "swiss"]
[EventRounds "5"]
[EventCountry "WLS"]

1. d4 Nf6 2. Bg5 c5 3. Bxf6 gxf6 4. d5 Qb6 5. Qc1 f5 (5... d6 6. c4 Bg7 7. Nc3
{Martin Jones-IC Jones, Dyfed League 2016,0-1}) 6. c4 Bh6 (6... Bg7) 7. e3 O-O
(7... f4 8. exf4 Bxf4 9. Qxf4 Qxb2 10. Ne2 Qxa1 11. Nec3 d6 (11... Qb2 12. d6 {
good for Wh}) 12. Qd2 Rg8 {with complications}) (7... d6) 8. Nh3 (8. Bd3 Qg6 9.
Nf3 Bg7 10. Nc3 Qxg2 11. Ke2 Qg6 12. Rg1 Qf6 13. e4 d6 14. exf5 Kh8 15. Qf4 Nd7
16. Rab1 Ne5 17. Nxe5 Qxe5+ 18. Qxe5 Bxe5 {Okilj-Vajdic, SRB ch tm, Vojvodina
League, Kac 2012,1/2-1/2}) 8... e5 9. dxe6 fxe6 (9... dxe6 {Komodo10}) 10. Nc3
Nc6 11. Be2 d6 (11... Nd4 12. Bd3 d6 $11 {Komodo10}) 12. O-O Bd7 13. Rd1 $14
Ne5 14. Qd2 Rad8 (14... Bg7 15. Rab1 Nf7 16. Nf4 Kh8 17. Bh5 Be5 $11 {Komodo10}
) 15. Qxd6 Qxb2 (15... Qxd6 16. Rxd6 Nf7 17. Rdd1 $14) 16. Qxe5 Bg7 17. Qg3 (
17. Rab1 $1 Qxb1 (17... Qxc3 18. Qxc3 Bxc3 19. Rxb7 Bc6 20. Rxa7 Ra8 21. Rc7
Be8 22. Rd3 Ba5 23. Rxc5 Bb4 24. Re5 Rxa2 25. Bf1 Rf6 26. Nf4 Kf7 27. Rb3 $18 {
Komodo10}) 18. Qxg7+ Kxg7 19. Rxb1 Bc6 20. Nf4 Kf6 21. Nb5 Bxb5 22. Rxb5 b6 23.
a4 $16 {Komodo10}) 17... Qxc3 18. Nf4 (18. Rab1 Bc6 19. Nf4 Qf6 20. Bf3 $14 {
Komodo10}) 18... Qe5 19. h4 (19. a4) 19... Ba4 $15 20. Re1 Rd2 21. Rab1 b6 22.
h5 (22. Bd1 Bc6 23. Bf3 Bxf3 24. Qxf3 Rfd8 $11 (24... Rxa2 25. Rbd1 $14 {
Komodo10})) 22... Kh8 (22... Qf6) 23. Bd1 Bc6 24. Bb3 {turns the B into a big
pawn} (24. Bf3) 24... Bf6 $17 25. Qh3 Rd7 26. Rbd1 Rfd8 (26... Rg7 {Rudy &
Komodo10; the Wh Rs have no entry squares on the d file,so it keeps more
chances of complexity for Bl to keep Rs on}) 27. Rxd7 Rxd7 28. h6 Rd8 29. Qh5
Be8 (29... Kg8 30. Rd1 Kf8 31. Rxd8+ Bxd8 $15 {Komodo10}) 30. Qf3 Bg5 31. Rd1 (
31. Qb7 Bxh6 (31... Bxf4 32. Qe7 $1 $18) 32. Qxa7 Bg5 33. Qxb6 Bf7 34. g3 Qd6
35. Qxd6 Rxd6 36. Rd1 $14 {Komodo10}) 31... Rxd1+ 32. Qxd1 Kg8 $11 33. Ba4 Bxa4
(33... Bf7 $5) 34. Qxa4 Kf8 35. Qxa7 Bxf4 36. exf4 Qe1+ 37. Kh2 Qxf2 $11 38.
Qg7+ Ke8 39. Qg8+ Kd7 40. Qxh7+ Kd6 41. Qg7 1/2-1/2

[Event "Dyfed Open"]
[Site "Fishguard"]
[Date "2017.02.26"]
[Round "5"]
[White "Brown, Thomas"]
[Black "Francis, Matthew"]
[Result "1/2-1/2"]
[WhiteElo "2087"]
[BlackElo "1634"]
[Annotator "Rudy"]
[PlyCount "62"]
[EventDate "2017.02.24"]
[EventType "swiss"]
[EventRounds "5"]
[EventCountry "WLS"]

1. d4 e6 2. c4 f5 3. g3 Nf6 4. Bg2 c6 5. Nf3 d5 6. O-O Bd6 7. Nc3 O-O 8. Rb1 (
8. Qc2) (8. b3) 8... Nbd7 (8... Ne4) 9. b4 Ne4 10. Qc2 Ndf6 {main} (10... Nxc3
11. Qxc3 b5 {eg Tew-Bridges, Tom Weston Major op 2008,1/2-1/2}) 11. b5 (11. c5
Bc7 12. Bf4 {scores 90% for Wh}) 11... Bd7 12. Ne5 (12. bxc6 Bxc6 (12... bxc6
13. Bf4 Bxf4 14. gxf4 Ng4 15. h3 Nh6 16. Ne5 Nf7 {favitta-Ljubisavljevic, Etna
op Nicolisi 2015,1/2-1/2}) 13. c5 Nxc3 14. Qxc3 Ne4 (14... Bc7 15. Bf4 Bxf4 16.
gxf4 Qc7 17. e3 h6 18. Ne5 {Ris-Moskalenko, Hoogeveen Unive op 2010,1/2-1/2})
15. Qa3 Bc7 16. Bf4 Bxf4 17. gxf4 Rf6 {Jegorovas-Narmontas, LTU ch, Siauliai
2007,1/2-1/2}) 12... Nxc3 13. Qxc3 Ne4 (13... cxb5 14. cxd5 Nxd5 15. Bxd5 exd5
16. Qb3 Bc6 17. Ba3 $11 {Komodo10}) 14. Bxe4 fxe4 15. bxc6 (15. cxd5 cxd5 16.
Ba3 $14) 15... Bxc6 16. Bf4 $14 Bxe5 17. Bxe5 dxc4 (17... Rf7 18. c5 Qg5 19.
Kg2 $14 {Komodo10}) 18. d5 (18. Bxg7 Rf7 (18... Kxg7 19. d5+ Qf6 20. Qxf6+ Kxf6
21. dxc6 bxc6 22. Rbc1 $14 {Komodo10; but Bl's pawns look horrible- every one
of them isolated}) 19. Be5 b5 $14) 18... exd5 19. Bxg7 Rf7 $15 20. Bd4 b6 (
20... Qd6 $15) 21. Qe3 $11 Qd6 22. Qg5+ (22. Bc3) 22... Qg6 $15 23. Qe5 Kf8 (
23... Rf5 $15) 24. Bc3 b5 $6 (24... h5) 25. a4 (25. Rxb5 $1 Rd7 (25... Bxb5 26.
Qh8+ Ke7 27. Qxa8 $18) 26. Rc5 $18 (26. f3 $18 {Komodo10})) 25... a6 (25... Rf5
26. Qd4 bxa4 $11 {Komodo10}) 26. axb5 axb5 27. Rxb5 $18 Re8 28. Rb8 Rb7 29.
Rxe8+ (29. f3 $18) 29... Bxe8 30. Bb4+ $2 (30. Qxd5 $18) (30. f3 e3 31. Qxd5
$18) 30... Rxb4 $17 31. Qxd5 Ra4 {(draw?)} 1/2-1/2

[Event "Dyfed Open"]
[Site "Fishguard"]
[Date "2017.02.26"]
[Round "5"]
[White "Taylor, Robert Graham"]
[Black "Buttell, David"]
[Result "1-0"]
[WhiteElo "1930"]
[BlackElo "1748"]
[Annotator "Rudy"]
[PlyCount "117"]
[EventDate "2017.02.24"]
[EventType "swiss"]
[EventRounds "5"]
[EventCountry "WLS"]

1. Nf3 Nf6 2. c4 b6 3. g3 Bb7 4. Bg2 g6 5. O-O Bg7 6. Nc3 O-O 7. d3 (7. d4)
7... d6 8. h3 (8. Bd2) (8. Bg5) (8. e4) 8... Nbd7 9. e4 e5 (9... a5 {also
played}) 10. Be3 Nc5 11. Qd2 Ne6 (11... Nh5 12. b4 Ne6 13. Ng5 Nef4 14. Nf3
Nxg2 15. Kxg2 f5 $15 {Koteski-Stojcevski, FRM ch tm Struga 2012,1/2-1/2}) 12.
Bh6 Nh5 13. Bxg7 Kxg7 14. d4 f6 15. d5 Nc5 16. Ne1 {its become a King's Indian,
with the Bl B slightly misplaced} Kh8 17. Bf3 (17. b4 $14) 17... Ng7 18. Kg2
Bc8 19. Rh1 f5 $11 20. b4 Nb7 21. Nd3 Qe7 22. Rac1 a5 23. a3 axb4 24. axb4 fxe4
(24... Nd8 25. h4 Nf7 $11 {Komodo10}) 25. Bxe4 Bf5 26. h4 Bxe4+ 27. Nxe4 Nh5
28. Rce1 (28. Ra1 $16) (28. f3 $16) 28... Qf7 (28... b5) 29. Ng5 Qf5 30. Re3
Qg4 31. Qd1 $2 (31. Re4 Qd7 32. Ne6 $16 {Komodo10}) 31... Qxc4 $17 32. Ne1 Qxb4
(32... Ra2 $19) 33. Ne6 Rf7 34. Nf3 Qg4 $6 {a loose Q} (34... Qb2 35. Re2 Qb5
36. Rc2 Nc5 $17 {Komodo10}) 35. Nfg5 $18 Nf4+ (35... Rxf2+ 36. Kxf2 Ra2+ 37.
Ke1 Qxd1+ 38. Kxd1 h6 (38... Ra1+ 39. Kd2 Rxh1 40. Rf3 $18) 39. Rf1 $18 {
Komodo10}) 36. Kh2 Qf5 (36... Qxd1 37. Nxf7+ Kg8 38. Rxd1 Nxe6 39. dxe6 $18 {
Komodo10}) 37. Nxf7+ Qxf7 38. gxf4 exf4 39. Qd4+ (39. Re4) 39... Kg8 40. Qxf4 (
40. Ra1 $1 {Komodo10}) 40... Qxf4+ 41. Nxf4 Nc5 42. Rhe1 b5 43. Re8+ (43. Re7)
43... Rxe8 44. Rxe8+ Kf7 45. Rc8 (45. Rb8) 45... Kf6 46. Rxc7 Ke5 47. Kg3 Ne4+
48. Kf3 Nd2+ 49. Ke2 Nc4 50. Nd3+ Kxd5 51. Rxh7 Ke4 52. Rb7 Na3 53. Rg7 (53.
Rf7 Nc2 54. f3+ Kd4 55. Kd2 Na3 56. Rf4+ Kd5 57. Rg4 {Komodo10}) 53... Kf5 54.
f3 Nc4 55. Rb7 Na3 56. Rb6 Ke6 57. Nf4+ Kf5 58. Nd5 Ke5 59. Nc7 1-0

[Event "Dyfed Open"]
[Site "Fishguard"]
[Date "2017.02.26"]
[Round "5"]
[White "Mort, Andrew J"]
[Black "Bevan, Peter M"]
[Result "0-1"]
[WhiteElo "1885"]
[BlackElo "1917"]
[Annotator "Rudy"]
[PlyCount "54"]
[EventDate "2017.02.24"]
[EventType "swiss"]
[EventRounds "5"]
[EventCountry "WLS"]

1. c4 c6 2. g3 d5 3. Bg2 Nf6 4. Nf3 e6 (4... dxc4 {main}) 5. b3 d4 (5... Nbd7)
6. d3 c5 {allowing a Benko in reverse, with a few moves behind, is risky} (6...
Qb6 7. O-O Bd6 8. e3 e5 9. exd4 exd4 10. Re1+ Kf8 11. Nbd2 {Parente-Ricci,BRA
corr 1981,1-0}) (6... a5 7. O-O Be7 8. h3 O-O 9. e4 c5 {Urytskyy-Soder,
Oberfranken ch, Schney 2009,1/2-1/2}) 7. b4 cxb4 8. O-O (8. a3) 8... Nc6 9. a3
a5 10. axb4 (10. Nbd2) (10. Bb2) 10... Bxb4 11. Ba3 Bd7 (11... O-O 12. Bxb4
Nxb4 13. Na3 Ra6 14. Nb5 Nc6 15. Qc1 e5 16. Qa3 $11 {Bus-Lutz, BL2 2016,0-1}) (
11... Bxa3 12. Nxa3 e5 13. Qa4 O-O 14. Rfb1 Nd7 15. Nb5 Nc5 16. Qa3 $11 {
Heap-Strugnell, West Wales Cup tm final, Swansea 2016,1-0}) 12. Bxb4 axb4 13.
Nbd2 (13. Rxa8 Qxa8 14. Qb3 $11 {Cloud Engines}) 13... O-O 14. Nb3 e5 $15 15.
Rxa8 Qxa8 16. Qc2 Qa7 17. Ra1 Qb6 18. Nfd2 (18. Qd2 Qc7 19. Ne1 Qd6 20. Nc2 Rb8
21. Rb1 $11 {Komodo10}) 18... Bf5 19. c5 Qc7 20. Nc4 Be6 21. Nd6 (21. Nbd2)
21... Bd5 (21... Nd5 $17) 22. Nd2 Bxg2 23. Kxg2 Nd5 24. N2e4 (24. Qc4 Nc3 25.
Nf3 Qe7 26. e3 Qf6 27. Nd2 Rb8 $17 {Komodo10}) 24... Nc3 25. e3 b6 26. Ng5 (26.
cxb6 Qxb6 27. Nc4 Qc7 $17 {Komodo10}) 26... bxc5 $19 27. exd4 exd4 (27... Nxd4
$1 $19 {Komodo10}) 0-1

[Event "Dyfed Open"]
[Site "Fishguard"]
[Date "2017.02.26"]
[Round "5"]
[White "Horrell, Stephen A"]
[Black "Dixon, Chris"]
[Result "1/2-1/2"]
[WhiteElo "1461"]
[BlackElo "1817"]
[Annotator "Rudy"]
[PlyCount "19"]
[EventDate "2017.02.24"]
[EventType "swiss"]
[EventRounds "5"]
[EventCountry "WLS"]

1. e4 e5 2. Nf3 Nf6 3. d3 Nc6 4. h3 d5 5. exd5 Nxd5 6. Be2 Be7 7. Bd2 O-O 8.
O-O Be6 (8... f5 9. Nc3 Be6 10. a3 Bf6 {Hvizdos-Ducay, SVK ch tm 2011,0-1}) 9.
Nc3 Nxc3 (9... f5) (9... h6 {have been played & offer Bl good prospects}) 10.
Bxc3 $11 {(draw?)} 1/2-1/2